Intelligent tinkering : Bridging the gap between science and practice
In this model, practitioners employ the same kind of careful but informal trial-and-error strategy followed by such groups as indigenous peoples and hobbyist mechanics
Bewaard in:
| Hoofdauteur: | |
|---|---|
| Formaat: | Boek |
| Taal: | Undetermined |
| Gepubliceerd in: |
Washington
Island Press
2011
|
| Onderwerpen: | |
| Tags: |
Voeg label toe
Geen labels, Wees de eerste die dit record labelt!
|
| Thư viện lưu trữ: | Trung tâm Học liệu Trường Đại học Cần Thơ |
|---|
| LEADER | 00819nam a2200229Ia 4500 | ||
|---|---|---|---|
| 001 | CTU_209854 | ||
| 008 | 210402s9999 xx 000 0 und d | ||
| 020 | |c 32.89 | ||
| 082 | |a 333.73153 | ||
| 082 | |b C115 | ||
| 100 | |a Cabin, Robert J. | ||
| 245 | 0 | |a Intelligent tinkering : | |
| 245 | 0 | |b Bridging the gap between science and practice | |
| 245 | 0 | |c Robert J. Cabin | |
| 260 | |a Washington | ||
| 260 | |b Island Press | ||
| 260 | |c 2011 | ||
| 520 | |a In this model, practitioners employ the same kind of careful but informal trial-and-error strategy followed by such groups as indigenous peoples and hobbyist mechanics | ||
| 650 | |a Restoration ecology | ||
| 650 | |x Sinh thái phục hồi | ||
| 904 | |i Trần Thị Hồng Ngọc, Tuyến | ||
| 980 | |a Trung tâm Học liệu Trường Đại học Cần Thơ | ||